Las elecciones en Argentina de 1991 a 1995/
保存先:
| 第一著者: | |
|---|---|
| 共著者: | , |
| その他の著者: | , |
| フォーマット: | テキスト |
| 言語: | Spanish |
| 出版事項: |
San José, Costa Rica:
IIDH. CAPEL
1998
|
| 主題: | |
| オンライン・アクセス: | https://www.iidh.ed.cr/IIDH/media/1963/elecciones-y-democracia-en-am%C3%A9rica-latina-urnas-y-desencanto1998.pdf |
| タグ: |
タグ追加
タグなし, このレコードへの初めてのタグを付けませんか!
|
MARC
| LEADER | 00000 a a2200000 04500 | ||
|---|---|---|---|
| 001 | 27297 | ||
| 003 | cru IIS | ||
| 005 | 20220524234253.0 | ||
| 008 | 220524b1998 cr ||||| |||| 00| 0 spa d | ||
| 040 | |c cru IIS | ||
| 090 | |a 184310 | ||
| 100 | 1 | |a De Riz, Lilliana |9 10453 | |
| 110 | |a Instituto Interamericano de Derechos Humanos. Centro de Asesoría y Promoción Electoral | ||
| 245 | |a Las elecciones en Argentina de 1991 a 1995/ |c Lilliana De Riz | ||
| 260 | |a San José, Costa Rica: |b IIDH. CAPEL |c 1998 | ||
| 300 | |a páginas 485-507 | ||
| 650 | |a ELECCIONES | ||
| 650 | |a SISTEMAS ELECTORALES | ||
| 650 | |a DEMOCRATIZACION | ||
| 650 | |a MARCO INSTITUCIONAL | ||
| 650 | |a PARTIDOS POLITICOS | ||
| 650 | |a REFORMA CONSTITUCIONAL | ||
| 650 | |a ELECCIONES | ||
| 700 | 1 | |a Zovatto Garetto, Daniel |9 7869 | |
| 700 | 1 | |a Rial, Juan |9 9250 | |
| 710 | |a CAPEL | ||
| 773 | 0 | |0 44264 |9 7215 |a Rial; Juan |d San José: IIDH. CAPEL 1998 |o 22581 |t Elecciones y democracia en América Latina 1992-1996:/ |w (cru IIS)27291 | |
| 856 | |u https://www.iidh.ed.cr/IIDH/media/1963/elecciones-y-democracia-en-am%C3%A9rica-latina-urnas-y-desencanto1998.pdf | ||
| 942 | |2 z |c LI | ||
| 999 | |c 2036 |d 2036 | ||
